| 000 | 00466nam a2200181 a 4500 | ||
|---|---|---|---|
| 001 | 0361 | ||
| 005 | 20140414132023.0 | ||
| 008 | 040910s19uu xx 00 eng d | ||
| 020 | _a0-590-48659-4 | ||
| 050 |
_aTR _bIR1 1983 |
||
| 100 | _aHoban, Tana | ||
| 245 |
_aI read signs / _cTana Hoban. |
||
| 260 |
_aNew York : _bScholastic, _c1983. |
||
| 300 | _a32 p. : ill. ; cm. | ||
| 650 |
_aSigns _xJuvenile fiction. |
||
| 650 | _aChildren stories. | ||
| 999 |
_c113511 _d113511 |
||